Memorias del segundo encuentro de la innovación y el conocimiento para eliminar la pobreza rural
Gespeichert in:
| Hauptverfasser: | , |
|---|---|
| Format: | Buch |
| Sprache: | Spanisch |
| Veröffentlicht: |
Santiago
Fidamerica
2004
|
| Schlagworte: | |
| Tags: |
Tag hinzufügen
Keine Tags, Fügen Sie den ersten Tag hinzu!
|
MARC
| LEADER | 00000nam a2200000 a 4500 | ||
|---|---|---|---|
| 001 | UCJ1915 | ||
| 003 | CL-VaPUC | ||
| 008 | 061117e20040000CL |||||||||||||||||spa|d | ||
| 020 | |a 9567110115 | ||
| 082 | 0 | 4 | |a 338.85 |b ESC |2 21 |
| 100 | 0 | |a Escobar, Germán |e author |9 502713 | |
| 700 | 0 | |a Baéz, Linda |e author |9 502714 | |
| 245 | 1 | 0 | |a Memorias del segundo encuentro de la innovación y el conocimiento para eliminar la pobreza rural |
| 300 | |a 607 p | ||
| 942 | |c BK | ||
| 945 | |d 20061117 00:00:00 |a jtorresc | ||
| 260 | |a Santiago |b Fidamerica |c 2004 | ||
| 650 | 0 | |a Agroindustrias |9 376001 | |
| 650 | 0 | |a Agricultura |9 255598 | |
| 650 | 0 | |a Producción agrícola |9 353481 | |
| 650 | 7 | |a EMPRESAS AGRICOLAS |2 CL-VaPUC |9 359873 | |
| 650 | 0 | |a Comercialización |9 259326 | |
| 583 | |a last modification |c 20061117 00:00:00 |k Rodrigo Vera | ||
| 999 | |c 318347 |d 318345 | ||
| 952 | |0 0 |1 0 |4 0 |6 338_850000000000000_ESC_2004 |7 0 |8 A |9 396104 |a BIBAGR |b BIBAGR |d 2019-11-22 |i 4242203 |o 338.85 ESC 2004 |p 4242203 |r 2025-01-20 |w 2019-11-22 |y BK |k AGR | ||